000 00600nam a2200241 a 4500
001 nice12345678
003 IN_TiNIC
005 20260116012916.0
008 050524s1934 lona grp 000 0 eng
020 _a
_c100
082 0 0 _a282
_bMES
100 _aMessenger, F C
245 _aRome and Reunion
_b Collection of Papal Pronouncement
260 _aLondon
_bBurns and Oates
_c1934
300 _a152p
500 _aincludes index and biblioraphy
505 2 _aAppendex
650 _aRoman Catholic Church
700 1 _aMessenger, F C
902 _bSRS
942 _cBK
999 _c8847
_d8847